Hindi sufi kavya me prem bhavana (Record no. 14810)

MARC details
000 -LEADER
fixed length control field 00456nam a2200169Ia 4500
082 ## - DEWEY DECIMAL CLASSIFICATION NUMBER
Classification number TP.0272
100 ## - MAIN ENTRY--AUTHOR NAME
Personal name Pathak, Dan Bahadur
245 #0 - TITLE STATEMENT
Title Hindi sufi kavya me prem bhavana
260 ## - PUBLICATION, DISTRIBUTION, ETC. (IMPRINT)
Year of publication 1972
Name of publisher Lucknow University
300 ## - PHYSICAL DESCRIPTION
Number of Pages 502p.
650 ## - SUBJECT ADDED ENTRY--TOPICAL TERM
Topical Term HINDI SUFI POETRY//SUFI POETRY, HINDI
650 ## - SUBJECT ADDED ENTRY--TOPICAL TERM
Topical Term SUFI POETRY, HINDI
650 ## - SUBJECT ADDED ENTRY--TOPICAL TERM
Topical Term LOVE IN LITERATURE
650 ## - SUBJECT ADDED ENTRY--TOPICAL TERM
Topical Term HINDI POETRY///SUFI POETRY, HINDI
710 ## - ADDED ENTRY--CORPORATE NAME
Corporate name or jurisdiction name as entry element Shukla, Sarla
942 ## - ADDED ENTRY ELEMENTS (KOHA)
Koha item type Thesis
Source of classification or shelving scheme Dewey Decimal Classification
Holdings
Withdrawn status Lost status Damaged status Not for loan Home library Current library Date acquired Full call number Accession Number Price effective from Koha item type
        NASSDOC Library NASSDOC Library 08/10/2004 TP.0272 9060 18/04/2019 Thesis